Ligue 1 2025-2026 - Statistiques

Statistiques générales
  • Ce quiz a été pris 120 fois
    12 depuis la dernière actualisation
  • Le résultat moyen est 16 sur 18
Statistiques - réponses
Équipe % Correct
AS Monaco
100%
FC Lorient
100%
FC Nantes
100%
LOSC Lille
100%
OGC Nice
100%
Olympique lyonnais
100%
Paris FC
100%
Paris Saint-Germain
100%
RC Lens
100%
RC Strasbourg
100%
Stade brestois 29
100%
AJ Auxerre
80%
Angers SCO
80%
FC Metz
80%
Le Havre AC
80%
Olympique de Marseille
80%
Toulouse FC
80%
Stade rennais FC
20%
Aucun quiz correspondant
Distribution des résultats
% des personnes avec chaque résultat
Percentile par nombre de réponses
Votre historique - résultats
Vous n’avez pas pris ce quiz depuis la dernière actualisation